00359nam a2200121Ia 4500008004100000020001500041050001100056050001500067245002100082260006200103300003500165440003700200160114s9999 xx 000 0 und d a1563972794 a808.83 b.T568 1993 aTis The Season / aUnited States of America :bBoyds Mills Press, Inc.c1993 a96 pages;bill. (some col.) ;  aHolidays Stories from Highlights